000 00500nam a2200181Ia 4500
999 _c36214
_d36214
003 OSt
005 20201214123409.0
008 190216s9999||||xx |||||||||||||| ||und||
020 _a5030001816
040 _coclc
082 _a629.4
_bGOR/A
100 _aGorkov, V
_97454
245 5 _aAn A Z Of Cosmonautics /
_cV Gorkov
260 _bMir Publications,
_c1989.
_aMoscow:
300 _a165p
650 _aGeneral Collections
942 _cREF
_2ddc
_h629.4
_iGOR/A
_k629.4
_mGOR/A